Statistiken für Fußballer: Fünf Spieler, wo haben alle fünf gespielt?

Klicken Sie hier um das Quiz zu spielen!

Allgemein

  • Dieses Quiz wurde 295 mal gespielt
    (278 seit der letzten Aktualisierung)
  • Das Durchschnittsergebnis liegt bei 17 aus 35

Antwortstatistiken

Spieler 1Spieler 2Spieler 3Spieler 4Spieler 5Verein% Korrekt
Christian EriksenThomas VermaelenSebastian HallerAngelos CharisteasZlatan IbrahimovicAjax Amsterdam
95%
Diego ForlanMarouane FellainiJaap StamBastian SchweinsteigerJuan Sebastián VerónManchester United
64%
Luca WaldschmidtAxel WitselAngel di MariaNemanja MaticJulian WeiglBenfica Lissabon
63%
RonaldinhoGabriel HeinzeJerome RothenThiago MottaBlaise MatuidiParis Saint-Germain
60%
Dani OlmoMario MandzukicLuka ModricJosip SimunicMateo KovačićDinamo Zagreb
57%
Oliver KahnMaik FranzMehmet SchollMario EggimannAntonio da SilvaKarlsruher SC
57%
Jörg HeinrichManuel FriedrichRobert KovacDaniel GinczekLeonardo BittencourtBorussia Dortmund
55%
Bodo IllgnerNuri SahinChristoph MetzelderKlaas-Jan HuntelaarHamit AltintopReal Madrid
54%
Marko MarinNathan AkeMohamed SalahNicolas AnelkaMikael ForssellFC Chelsea
53%
Markus FeulnerZvjezdan MisimovicVahid HashemianNils PetersenJan SchlaudraffBayern München
52%
Aleksandr HlebTomas RosickyRobert PiresSamir NasriNicklas BendtnerFC Arsenal
50%
Xherdan ShaqiriDejan LovrenFlorent MaloudaSamuel UmtitiKarim BenzemaOlympique Lyon
50%
Ivan RakiticMladen PetricEren DerdiyokYann SommerDavid AbrahamFC Basel
48%
Nicolas OtamendiHugo AlmeidaDiegoRicardo QuaresmaEder MilitaoFC Porto
48%
Diego KlimowiczAshkan DejagahDaniel BaierPeter PekarikChristian TräschVfL Wolfsburg
48%
Marius WolfSven BenderJulian WeiglFabian JohnsonKevin Volland1860 München
46%
Helder PostigaJuan BernatTimo HildebrandFernando MorientesPatrick KluivertFC Valencia
46%
Thomas BrdaricJan RosenthalKonstantin RauschFlorian FromlowitzMichael TarnatHannover 96
46%
Willi OrbanKevin TrappDominique HeintzTim WieseLincoln1. FC Kaiserslautern
43%
Florian KringeSalvatore GambinoSimon TeroddeYannick GerhardtSimon Zoller1.FC Köln
43%
Alex MeierGerald AsamoahFin BartelsMax KruseMarius EbbersFC St. Pauli
43%
Nico SchulzChristian LellArtur WichniarekAlexander MadlungLukasz PiszczekHertha BSC Berlin
43%
Lewis HoltbyMalik FathiNeven SuboticChristian FuchsMimoun AzaouaghMainz 05
43%
Sokratis PapastathopoulosMark van BommelKevin-Prince BoatengAntonio CassanoNigel de JongAC Mailand
42%
Sebastian KehlSascha RietherMohamadou IdrissouDaniel CaligiuriÖmer ToprakSC Freiburg
42%
Stefan KießlingTimothy ChandlerDennis DiekmeierPeer KlugeAlbert Bunjaku1. FC Nürnberg
41%
Andreas BeckChristian TiffertJon Dahl TomassonEwerthonYildiray BastürkVfB Stuttgart
40%
Eugen PolanskiThomas BroichChristian ZiegeAlexander BaumjohannRoman NeustädterBorussia Mönchengladbach
39%
Christoph DabrowskiSimon RolfesFrank FahrenhorstSandro WagnerPeter NiemeyerWerder Bremen
39%
Benjamin LauthSidney SamErik MeijerBastian ReinhardtJonathan PitroipaHamburger SV
38%
Mike HankeTamas HajnalAlbert StreitMarco HögerMatthias SchoberSchalke 04
38%
Marcel RisseHans SarpeiHanno BalitschSebastian BoenischClemens FritzBayer Leverkusen
37%
Lukas KlostermannGiovanni FedericoDelron BuckleyChristoph KramerKevin VogtVfL Bochum
32%
Michael ThurkMarko RehmerHalil AltintopZlatan BajramovicRalf FährmannEintracht Frankfurt
31%
Ivan PerisicMarc-Andre KruskaCarlos BaccaSofyan AmrabatThomas MeunierFC Brügge
31%

Verteilung der Resultate

Perzentil nach korrekt beantworteten Fragen

Anzahl Personen mit jedem Resultat

Ihre Resultats-Entwicklung

Sie haben dieses Quiz seit der letzten Aktualisierung nicht gespielt